| 000 | 00512pab a2200169 454500 | ||
|---|---|---|---|
| 008 | 180718b1998 xxu||||| |||| 00| 0 eng d | ||
| 100 | _aPandey, Satish C. | ||
| 245 | _aA study of relationship between personality dimensions and organisational role stress in a public sector organisation | ||
| 260 | _c1998 | ||
| 300 | _ap.506-16 | ||
| 362 | _aApr | ||
| 650 | _aPublic sector - India | ||
| 650 | _aEmployees | ||
| 650 | _aPublic sector | ||
| 773 | _aIndian Journal of Industrial Relations | ||
| 909 | _a38968 | ||
| 999 |
_c38968 _d38968 |
||